Presidential Cabinet- 47th Administration - Statistics

General Stats
  • This quiz has been taken 7 times
  • The average score is 17 of 27
Answer Stats
Picture Hint Answer % Correct
President of the United States Donald Trump
100%
Vice President of the United States JD Vance
100%
United States Secretary of Homeland Security (01/05/25 - 03/31/26) Kristi Noem
100%
United States Secretary of State Marco Rubio
100%
Speaker of the House of Representatives Mike Johnson
100%
United States Attorney General Pam Bondi
100%
United States Secretary of Defense (War) Pete Hegseth
100%
United States Secretary of Health and Human Services Robert F. Kennedy Jr.
100%
President pro tempore of the Senate Chuck Grassley
80%
United States Secretary of the Interior Doug Burgum
80%
United States Secretary of Homeland Security (Remainder of Term) Markwayne Mullin
80%
United States Secretary of Transportation Sean Duffy
80%
Director of National Intelligence Tulsi Gabbard
80%
United States Secretary of Commerce Howard Lutnick
60%
Administrator of the Environmental Protection Agency Lee Zeldin
60%
United States Secretary of Education Linda McMahon
60%
United States Secretary of the Treasury Scott Bessent
60%
United States Secretary of Agriculture Brooke Rollins
40%
United States Secretary of Veterans Affairs Doug Collins
40%
Administrator of the Small Business Administration Kelly Loeffler
40%
United States Secretary of Labor Lori Chavez-DeRemer
40%
White House Chief of Staff Susie Wiles
40%
United States Secretary of Energy Chris Wright
20%
Director of the Office of Management and Budget Russel Vought
20%
United States Secretary of Housing and Urban Development Scott Turner
20%
United States Trade Representative Jamieson Greer
0%
Director of the Central Intelligence Agency John Ratcliffe
0%
No matching quizzes found
Score Distribution
Percent of People with Each Score
Percentile by Number Answered
Your Score History
You have not taken this quiz